[Event "Karnevals-Open"]
[Site "Solingen"]
[Date "2012.02.18"]
[Round "3.9"]
[White "Flesch, Dr. Stefan"]
[Black "Schülke, Tilman"]
[Result "1/2-1/2"]
[WhiteElo "2110"]
[BlackElo "2005"]
[PlyCount "29"]
[EventDate "2012.??.??"]
[WhiteTeam "Düsseldorfer SK 14/25 e."]
[BlackTeam "Düsseldorfer SV 1854"]

1. d4 d6 2. g3 g6 3. Bg2 Bg7 4. c3 e5 5. dxe5 dxe5 6. Qxd8+ Kxd8 7. Na3 Nd7 8.
Nf3 Nb6 9. Bg5+ Ne7 10. Rd1+ Bd7 11. O-O h6 12. Bc1 c6 13. c4 Kc7 14. b3 Be6
15. Bb2 1/2-1/2

[Event "Karnevals-Open"]
[Site "Solingen"]
[Date "2012.02.18"]
[Round "3.10"]
[White "Elefteriadis, Paul-Gabriel"]
[Black "Täger, Torsten"]
[Result "1/2-1/2"]
[WhiteElo "1894"]
[BlackElo "2095"]
[PlyCount "66"]
[EventDate "2012.??.??"]
[WhiteTeam "Gütersloher SV von 192"]
[BlackTeam "SV Lahn Limburg"]

1. Nf3 g6 2. c4 Bg7 3. d4 d6 4. Nc3 Nf6 5. g3 O-O 6. Bg2 c6 7. O-O Qa5 8. d5
cxd5 9. cxd5 Na6 10. a3 Bd7 11. e4 Qc7 12. Be3 Nc5 13. Rc1 Na6 14. h3 Qb8 15.
Nd4 Nc7 16. f4 Nfe8 17. Nf3 b5 18. Bd4 b4 19. Bxg7 Nxg7 20. Ne2 bxa3 21. bxa3
Qb6+ 22. Kh2 Rfc8 23. Nfd4 Nb5 24. Qd3 Nxd4 25. Nxd4 Rxc1 26. Rxc1 Rc8 27.
Rxc8+ Bxc8 28. Qc3 Bd7 29. Nc6 Bxc6 30. dxc6 Ne6 31. e5 dxe5 32. Qxe5 Qc7 33.
Qb5 Qb6 1/2-1/2

[Event "Karnevals-Open"]
[Site "Solingen"]
[Date "2012.02.18"]
[Round "3.11"]
[White "Hanke, Stefan"]
[Black "Besel, Waldemar"]
[Result "0-1"]
[WhiteElo "1840"]
[BlackElo "2076"]
[PlyCount "51"]
[EventDate "2012.??.??"]
[WhiteTeam "SC Solingen 1928 e.V."]
[BlackTeam "SV Betzdorf-Kirchen"]

1. d4 d5 2. c4 dxc4 3. e3 Nf6 4. Bxc4 e6 5. Nf3 c5 6. Nc3 a6 7. a4 Nc6 8. O-O
b6 9. Qe2 Bb7 10. Rd1 Qc7 11. dxc5 Bxc5 12. h3 O-O 13. e4 Nd7 14. Be3 Nce5 15.
Nxe5 Nxe5 16. Bxc5 Qxc5 17. Ba2 h6 18. Rac1 Qb4 19. Rc2 Rac8 20. Rcd2 Ng6 21.
Rd4 Qc5 22. Qd2 b5 23. axb5 axb5 24. Bb1 Ne5 25. Ne2 Nc4 26. Qf4 0-1

[Event "Karnevals-Open"]
[Site "Solingen"]
[Date "2012.02.18"]
[Round "3.12"]
[White "Turco, Alfonso"]
[Black "Coenen, Siegfried"]
[Result "1/2-1/2"]
[WhiteElo "2074"]
[BlackElo "1980"]
[PlyCount "78"]
[EventDate "2012.??.??"]
[WhiteTeam "Satranc Club 2000"]
[BlackTeam "SG Hochneukirch"]

1. b3 d5 2. Nf3 Nf6 3. Bb2 e6 4. e3 Bd6 5. d3 Nbd7 6. Nbd2 e5 7. e4 c6 8. a3
O-O 9. h3 Re8 10. Qe2 Qe7 11. g3 b6 12. Bg2 Ba6 13. Nh4 g6 14. c4 d4 15. O-O c5
16. Ndf3 Bb7 17. Bc1 Qd8 18. Ng5 h6 19. Ngf3 Bf8 20. Nh2 Bc8 21. Bd2 a6 22. Qe1
Ra7 23. f4 Nh5 24. Bf3 Ndf6 25. fxe5 Rxe5 26. g4 Ng7 27. Bxh6 g5 28. Bxg7 Kxg7
29. Nf5+ Bxf5 30. gxf5 Bd6 31. Bg4 Re8 32. Nf3 Bf4 33. Kg2 Rae7 34. Rf2 Qb8 35.
Re2 Nxg4 36. hxg4 f6 37. Qf2 Be3 38. Qg3 Bf4 39. Qf2 Be3 1/2-1/2

[Event "Karnevals-Open"]
[Site "Solingen"]
[Date "2012.02.18"]
[Round "3.13"]
[White "Imcke, Patrick"]
[Black "Schulz, Wilhelm"]
[Result "1/2-1/2"]
[WhiteElo "1854"]
[BlackElo "2215"]
[PlyCount "55"]
[EventDate "2012.??.??"]
[WhiteTeam "Sportfreunde Katernberg 1913 e.V"]
[BlackTeam "SV Horrem 1948"]

1. e4 c5 2. Nf3 e6 3. d4 cxd4 4. Nxd4 Nc6 5. Nc3 Qc7 6. Be3 a6 7. Be2 Nf6 8. f4
Bb4 9. Bf3 Na5 10. Qd3 Nc4 11. O-O-O Nxe3 12. Qxe3 O-O 13. e5 Ne8 14. g4 d6 15.
Be4 g6 16. Nf3 d5 17. Bd3 Bxc3 18. bxc3 Qxc3 19. f5 exf5 20. gxf5 Bxf5 21. Qh6
Qa3+ 22. Kd2 f6 23. Bxf5 Ng7 24. Bd3 fxe5 25. Ng5 Qb4+ 26. Kc1 Qa3+ 27. Kd2
Qb4+ 28. Kc1 1/2-1/2

[Event "Karnevals-Open"]
[Site "Solingen"]
[Date "2012.02.18"]
[Round "3.14"]
[White "Biedeköpper, Robert"]
[Black "Vranidis, Athanassios"]
[Result "0-1"]
[WhiteElo "2111"]
[BlackElo "1845"]
[PlyCount "42"]
[EventDate "2012.??.??"]
[WhiteTeam "Godesberger SK 1929 e.V."]
[BlackTeam "SG Solingen e.V."]

1. d4 Nf6 2. c4 e6 3. Nf3 d5 4. Nc3 Nbd7 5. e3 Be7 6. Qc2 b6 7. cxd5 exd5 8.
Bd3 Bb7 9. O-O O-O 10. Rb1 c5 11. Ne5 g6 12. f4 Rc8 13. Qe2 Ne4 14. Bd2 Ndf6
15. Be1 Nxc3 16. Bxc3 Ne4 17. Be1 c4 18. Bxe4 dxe4 19. Nxc4 Ba6 20. b3 Qd5 21.
Nxb6 Qb7 0-1

[Event "Karnevals-Open"]
[Site "Solingen"]
[Date "2012.02.18"]
[Round "3.15"]
[White "Hobusch, Jan"]
[Black "Rosenauer, Horst"]
[Result "1-0"]
[WhiteElo "2036"]
[BlackElo "1836"]
[PlyCount "89"]
[EventDate "2012.??.??"]
[WhiteTeam "SG Solingen e.V."]
[BlackTeam "Bergische SF 1923 Ber"]

1. d4 Nf6 2. Nf3 c5 3. c3 e6 4. Bf4 Nc6 5. e3 Nh5 6. Bg5 Be7 7. Bxe7 Qxe7 8.
Nbd2 f5 9. Ne5 Nf6 10. Be2 O-O 11. O-O d5 12. Ndf3 Nd7 13. Nxc6 bxc6 14. Qa4
Qd6 15. Qa3 a5 16. Ne1 Rf6 17. Nd3 Rh6 18. f4 Qe7 19. g3 Ba6 20. Rac1 Bxd3 21.
Bxd3 Kf8 22. c4 Nf6 23. Rfe1 Ne4 24. Bxe4 dxe4 25. Qxc5 Qxc5 26. dxc5 Ke7 27.
Red1 Rd8 28. Rxd8 Kxd8 29. Rd1+ Kc7 30. Rd6 Rf6 31. Kf2 h6 32. h4 g5 33. hxg5
hxg5 34. fxg5 Rg6 35. b3 Rxg5 36. Rxe6 Rh5 37. Kg2 Kd7 38. Rf6 Rg5 39. Rf7+ Ke6
40. Rc7 Rg8 41. Rxc6+ Ke5 42. Rd6 Rc8 43. Rd5+ Ke6 44. Kf2 a4 45. b4 1-0

[Event "Karnevals-Open"]
[Site "Solingen"]
[Date "2012.02.18"]
[Round "3.16"]
[White "Peter, Sebastian"]
[Black "Peter, Laurenz"]
[Result "1/2-1/2"]
[WhiteElo "1997"]
[BlackElo "1826"]
[PlyCount "55"]
[EventDate "2012.??.??"]
[WhiteTeam "Gütersloher SV von 192"]
[BlackTeam "Sportgemeinschaft Kaarst 1912/35"]

1. e4 c5 2. Nf3 e6 3. d4 cxd4 4. Nxd4 a6 5. Bd3 Nf6 6. O-O Qc7 7. c4 Nc6 8.
Nxc6 dxc6 9. Be3 e5 10. Nc3 Ng4 11. Bd2 Be6 12. h3 Nf6 13. Be3 Nd7 14. Rc1 Bc5
15. Bxc5 Nxc5 16. b4 Nd7 17. a4 a5 18. b5 Nc5 19. Be2 O-O 20. Qc2 Rfd8 21. Nd5
cxd5 22. cxd5 b6 23. dxe6 fxe6 24. Bc4 Qe7 25. f4 exf4 26. Rxf4 Rf8 27. Rcf1
Qd6 28. Rf5 1/2-1/2

[Event "Karnevals-Open"]
[Site "Solingen"]
[Date "2012.02.18"]
[Round "3.17"]
[White "Grasse, Herbert"]
[Black "Schwarz, Ingo"]
[Result "0-1"]
[WhiteElo "1805"]
[BlackElo "1992"]
[PlyCount "94"]
[EventDate "2012.??.??"]
[WhiteTeam "SV Kamen 1930"]
[BlackTeam "FS 98 Dortmund"]

1. Nf3 d5 2. g3 Bf5 3. Bg2 Nc6 4. d3 Nf6 5. b3 e5 6. Nbd2 Bc5 7. h3 e4 8. Nh4
Qd7 9. Nxf5 Qxf5 10. O-O Qe5 11. Rb1 e3 12. Nf3 exf2+ 13. Kh2 Qh5 14. Qd2 Ng4+
15. Kh1 Ne3 16. Rxf2 Nxg2 17. Rxg2 Qxh3+ 18. Nh2 O-O 19. Qg5 Qe6 20. Bf4 Be7
21. Qh5 Bd6 22. Ng4 Qg6 23. Qh3 f5 24. Ne3 Ne7 25. Rf1 Rf6 26. Rh2 h6 27. Qg2
Qf7 28. Qh3 d4 29. Nc4 Qd5+ 30. Qg2 Qxg2+ 31. Kxg2 Bxf4 32. Rxf4 c5 33. a4 b6
34. Rh5 g5 35. Rf1 Re6 36. Kf2 Nd5 37. Rfh1 Kg7 38. Kf3 Rae8 39. Re1 Kg6 40.
Rh2 h5 41. Rf2 a6 42. Kg2 b5 43. axb5 axb5 44. Na3 Ne3+ 45. Kg1 b4 46. Nb5 R8e7
47. Rc1 Rb7 0-1

[Event "Karnevals-Open"]
[Site "Solingen"]
[Date "2012.02.18"]
[Round "3.18"]
[White "Speck, Stefan"]
[Black "Westendorp, Christian"]
[Result "1-0"]
[WhiteElo "1983"]
[BlackElo "1784"]
[PlyCount "95"]
[EventDate "2012.??.??"]
[WhiteTeam "SC Solingen 1928 e.V."]
[BlackTeam "TUS 08 Rheinberg e.V."]

1. d4 Nf6 2. c4 e6 3. Nc3 Bb4 4. Bg5 h6 5. Bh4 g5 6. Bg3 Ne4 7. Qc2 f5 8. Be5
Rg8 9. f3 Nf6 10. e3 g4 11. O-O-O gxf3 12. gxf3 b6 13. d5 d6 14. Bxf6 Qxf6 15.
Qa4+ Bd7 16. Qxb4 a5 17. Qb3 a4 18. Qc2 a3 19. dxe6 axb2+ 20. Kb1 Qxe6 21. Nd5
Kd8 22. Ne2 Ba4 23. Qd2 Bxd1 24. Qxd1 Nd7 25. Nd4 Qf7 26. Nc6+ Kc8 27. Nce7+
Kb7 28. Nxg8 Qxg8 29. Ne7 Qh8 30. Qd5+ Kb8 31. Rg1 Nf6 32. Nc6+ Kc8 33. Qxf5+
Kb7 34. f4 Qe8 35. Bg2 Qxe3 36. Nb4+ Kb8 37. Bxa8 Qxg1+ 38. Kxb2 Qd4+ 39. Kb3
Qd1+ 40. Ka3 Qc1+ 41. Kb3 Qd1+ 42. Nc2 Qb1+ 43. Kc3 Qxa2 44. Qxf6 Qa5+ 45. Kd3
Kxa8 46. Qe7 b5 47. Qe8+ Ka7 48. Qxb5 1-0

[Event "Karnevals-Open"]
[Site "Solingen"]
[Date "2012.02.18"]
[Round "3.19"]
[White "Zolfagharian, Kevin"]
[Black "Backes, Jürgen"]
[Result "1-0"]
[WhiteElo "1979"]
[BlackElo "1739"]
[PlyCount "37"]
[EventDate "2012.??.??"]
[WhiteTeam "SG Solingen e.V."]
[BlackTeam "vereinslos"]

1. e4 g6 2. d4 Bg7 3. Nc3 d6 4. Nf3 Nf6 5. Be2 O-O 6. Bf4 c6 7. Qd2 b5 8. e5
dxe5 9. Nxe5 Nd5 10. Nxd5 Qxd5 11. Bf3 Qe6 12. d5 Qd6 13. Nxc6 e5 14. Be3 Nxc6
15. dxc6 Qxd2+ 16. Kxd2 f5 17. Bd5+ Rf7 18. c7 f4 19. Bc5 1-0

[Event "Karnevals-Open"]
[Site "Solingen"]
[Date "2012.02.18"]
[Round "3.21"]
[White "Jablonowski, Christoph"]
[Black "Pitz, Marko"]
[Result "1-0"]
[WhiteElo "1963"]
[BlackElo "1690"]
[PlyCount "99"]
[EventDate "2012.??.??"]
[WhiteTeam "Krefelder SK Turm 1851 e"]
[BlackTeam "Greifswalder SV"]

1. d4 e5 2. dxe5 Nc6 3. Nf3 f6 4. exf6 Nxf6 5. Bg5 Bc5 6. e3 d5 7. Bb5 O-O 8.
c3 Ne7 9. Nbd2 Bf5 10. Nb3 Bb6 11. Nbd4 Bg4 12. h3 Bxd4 13. hxg4 Bc5 14. Bxf6
Rxf6 15. g5 Rb6 16. Qd3 g6 17. O-O-O c6 18. Ba4 Qd6 19. b4 Bxb4 20. cxb4 Rxb4
21. Bb3 Rg4 22. Rh2 Rf8 23. Rdh1 Rf7 24. Qc3 Re4 25. Rh4 Rxh4 26. Rxh4 Qa3+ 27.
Kb1 Qa6 28. Rf4 Rxf4 29. exf4 Qf1+ 30. Qe1 Qxe1+ 31. Nxe1 Kf7 32. Kc2 Ke6 33.
Kc3 b5 34. g4 c5 35. Nf3 a5 36. Bc2 d4+ 37. Nxd4+ cxd4+ 38. Kxd4 Kd6 39. Be4
Nc8 40. f5 Nb6 41. fxg6 hxg6 42. Bxg6 Nd7 43. f4 b4 44. Be8 Nf8 45. Bf7 a4 46.
g6 Ne6+ 47. Bxe6 Kxe6 48. Kc4 b3 49. axb3 a3 50. Kc3 1-0

[Event "Karnevals-Open"]
[Site "Solingen"]
[Date "2012.02.18"]
[Round "3.22"]
[White "Reinacher, Detlev"]
[Black "Große-Hering, Peter"]
[Result "0-1"]
[WhiteElo "1748"]
[BlackElo "1938"]
[PlyCount "60"]
[EventDate "2012.??.??"]
[WhiteTeam "SC Hansa Dortmund e.V."]
[BlackTeam "SV Horst-Emscher 31"]

1. Nf3 Nf6 2. g3 g6 3. Bg2 Bg7 4. O-O O-O 5. d3 d6 6. c3 e5 7. Nbd2 Nbd7 8. Qc2
Nh5 9. e4 f5 10. exf5 gxf5 11. Nh4 c6 12. Ndf3 d5 13. Bh3 e4 14. dxe4 fxe4 15.
Ng5 Ne5 16. Be6+ Kh8 17. f4 h6 18. Qe2 Qe8 19. fxe5 Rxf1+ 20. Qxf1 Bxe6 21.
Nxe6 Qxe6 22. Nf5 Rf8 23. g4 Qxe5 24. Qh3 Nf4 25. Qe3 Nd3 26. Qh3 Nxc1 27. Nxh6
Ne2+ 28. Kh1 Bxh6 29. Qxh6+ Kg8 30. g5 Qf5 0-1

[Event "Karnevals-Open"]
[Site "Solingen"]
[Date "2012.02.18"]
[Round "3.23"]
[White "Maj, Kornel"]
[Black "Maczkowiak, Thomas"]
[Result "0-1"]
[WhiteElo "1441"]
[BlackElo "1923"]
[PlyCount "51"]
[EventDate "2012.??.??"]
[WhiteTeam "Elberfelder SG"]
[BlackTeam "SG Ennepe-Ruhr-S"]

1. e4 c6 2. d4 d5 3. Nc3 dxe4 4. Nxe4 Bf5 5. Ng3 Bg6 6. Nf3 Nd7 7. h4 h6 8. h5
Bh7 9. Bd3 Bxd3 10. Qxd3 Ngf6 11. Bd2 Qc7 12. O-O-O O-O-O 13. c4 e6 14. Bc3 Bd6
15. Kb1 Bxg3 16. fxg3 Qxg3 17. b4 Qf4 18. Rhe1 Rhe8 19. Qc2 Qf5 20. Rd3 Ne4 21.
Re2 Nxc3+ 22. Qxc3 e5 23. g4 Qxg4 24. d5 e4 25. dxc6 bxc6 26. Rd4 0-1

[Event "Karnevals-Open"]
[Site "Solingen"]
[Date "2012.02.18"]
[Round "3.24"]
[White "Lasschuit, René"]
[Black "Nink, Niklas"]
[Result "1-0"]
[WhiteElo "1873"]
[BlackElo "819"]
[PlyCount "61"]
[EventDate "2012.??.??"]
[BlackTeam "SG Solingen e.V."]

1. d4 c5 2. Nf3 b6 3. dxc5 bxc5 4. c4 Nc6 5. Nc3 e5 6. g3 Nf6 7. Bg2 d6 8. Nxe5
dxe5 9. Bxc6+ Bd7 10. Bxa8 Qxa8 11. Nd5 Nxd5 12. cxd5 Bd6 13. e4 O-O 14. O-O
Bh3 15. Re1 f5 16. f3 fxe4 17. fxe4 c4 18. Be3 Rf6 19. Rc1 Qc8 20. a3 Bc5 21.
Qd2 Rf3 22. Rc3 Qg4 23. Bxc5 Qxe4 24. Rxf3 Qxf3 25. d6 Bd7 26. Qe3 Qd5 27. Qxe5
Qf7 28. Bd4 a6 29. Qxg7+ Qxg7 30. Bxg7 Kxg7 31. Re7+ 1-0

[Event "Karnevals-Open"]
[Site "Solingen"]
[Date "2012.02.18"]
[Round "3.25"]
[White "Görke, Joachim"]
[Black "Rieger, Isabelle"]
[Result "1-0"]
[WhiteElo "2167"]
[BlackElo "1662"]
[PlyCount "51"]
[EventDate "2012.??.??"]
[WhiteTeam "Schachgesellschaft Solingen e.V."]
[BlackTeam "SV Fideler Bauer Lever"]

1. e4 c5 2. Nf3 Nc6 3. d4 cxd4 4. Nxd4 Nf6 5. Nc3 e5 6. Ndb5 d6 7. Bg5 a6 8.
Na3 b5 9. Nd5 Be7 10. Nxe7 Nxe7 11. Bxf6 gxf6 12. c4 bxc4 13. Bxc4 Be6 14. O-O
f5 15. Bxe6 fxe6 16. Nc4 d5 17. exd5 Nxd5 18. Qh5+ Kf8 19. Nxe5 Qe8 20. Qh6+
Kg8 21. f4 Ra7 22. Rac1 Rg7 23. Rf3 a5 24. Rg3 Rxg3 25. hxg3 Ne3 26. Rc7 1-0

[Event "Karnevals-Open"]
[Site "Solingen"]
[Date "2012.02.18"]
[Round "3.26"]
[White "Hollender, Christoph"]
[Black "Gröne, Lars"]
[Result "0-1"]
[WhiteElo "1831"]
[BlackElo "1894"]
[PlyCount "156"]
[EventDate "2012.??.??"]
[WhiteTeam "SV Blau-Weiß Concordia 07/24 Vie"]
[BlackTeam "SVG Salzgitter e.V."]

1. d4 Nf6 2. Nf3 g6 3. c4 Bg7 4. Nc3 d5 5. e3 O-O 6. Be2 c5 7. dxc5 Qa5 8. O-O
dxc4 9. Bxc4 Qxc5 10. Be2 Nc6 11. e4 Rd8 12. Be3 Qb4 13. Qc2 Ng4 14. Bf4 Be6
15. Rad1 Rac8 16. h3 Nge5 17. Be3 Nxf3+ 18. Bxf3 Nd4 19. Bxd4 Rxd4 20. a3 Qc5
21. Qb1 Rcd8 22. Rxd4 Rxd4 23. Rd1 Qb6 24. Rxd4 Bxd4 25. Qe1 Qxb2 26. Nd5 Qxa3
27. Qd2 Be5 28. Qd1 Bxd5 29. exd5 b6 30. g3 Qa1 31. Qxa1 Bxa1 32. Be2 Kg7 33.
f4 Kf6 34. Kg2 g5 35. Kf3 gxf4 36. gxf4 a5 37. Bb5 e6 38. d6 e5 39. d7 Ke7 40.
f5 f6 41. Ke4 Bd4 42. Kd5 Bc5 43. Kc6 Kd8 44. Kd5 Be7 45. Kc6 e4 46. Kd5 e3 47.
Kd4 e2 48. Bxe2 Kxd7 49. Kd5 Bc5 50. Bb5+ Ke7 51. Ba4 Kf7 52. Ke4 Kg7 53. Kf4
h5 54. Be8 Kh6 55. Ba4 Bd6+ 56. Ke4 Kg5 57. Kd5 Be5 58. Kc6 Kxf5 59. Kxb6 Bc3
60. Kc5 Ke5 61. Kc4 Bb4 62. Kd3 Kf4 63. Ke2 Kg3 64. Bd7 Kf4 65. Bc6 Bc5 66. Bb5
Ke4 67. Kd2 Kd4 68. Kc2 Bb4 69. Be8 h4 70. Bd7 Ke4 71. Bc6+ Ke5 72. Kd3 f5 73.
Ke3 Bc5+ 74. Kf3 f4 75. Be8 Be3 76. Ke2 Bg1 77. Kf3 Bh2 78. Ke2 Bg3 0-1

[Event "Karnevals-Open"]
[Site "Solingen"]
[Date "2012.02.18"]
[Round "3.27"]
[White "Boschek, Dr. Hans-Joachim"]
[Black "Reksten, Daniel"]
[Result "0-1"]
[WhiteElo "1900"]
[BlackElo "1857"]
[PlyCount "48"]
[EventDate "2012.??.??"]
[WhiteTeam "SV 1922 Hilden"]
[BlackTeam "SG Solingen e.V."]

1. Nf3 Nf6 2. g3 d5 3. Bg2 Bf5 4. b3 Nbd7 5. Bb2 c6 6. O-O Qc7 7. c4 e6 8. d3
Bd6 9. cxd5 exd5 10. Nbd2 O-O 11. Rc1 a6 12. Re1 Rfe8 13. h3 h6 14. Nh4 Bh7 15.
e4 g5 16. Qf3 dxe4 17. dxe4 gxh4 18. Bxf6 Nxf6 19. Qxf6 hxg3 20. fxg3 Bxg3 21.
Rf1 Bg6 22. Rf3 Re6 23. Qc3 Be5 24. Qc4 Rd8 0-1

[Event "Karnevals-Open"]
[Site "Solingen"]
[Date "2012.02.18"]
[Round "3.28"]
[White "Herzum, Peter"]
[Black "Grothues-Lay, Kay"]
[Result "1-0"]
[WhiteElo "1782"]
[BlackElo "1783"]
[PlyCount "65"]
[EventDate "2012.??.??"]
[WhiteTeam "Düsseldorfer Schachklub 14/25 e."]
[BlackTeam "SV Erftstadt e.V."]

1. e4 c6 2. d4 d5 3. Nc3 dxe4 4. Nxe4 Nf6 5. Nxf6+ gxf6 6. g3 Bf5 7. Bg2 e6 8.
Nf3 Bd6 9. O-O Nd7 10. c4 Qe7 11. Qb3 Rb8 12. Bd2 c5 13. d5 e5 14. Rfe1 O-O 15.
Nh4 Bg6 16. f4 f5 17. Bh3 Qf6 18. Bc3 b5 19. cxb5 c4 20. Qxc4 Rfc8 21. Qf1 Rxc3
22. bxc3 exf4 23. Nxg6 fxg3 24. Qxf5 gxh2+ 25. Kh1 hxg6 26. Qxd7 Bf4 27. Qc6
Qh4 28. Bg2 Rb6 29. Qc8+ Kg7 30. Qh3 Qd8 31. Qd3 Qd6 32. Qd4+ Kh6 33. c4 1-0

[Event "Karnevals-Open"]
[Site "Solingen"]
[Date "2012.02.18"]
[Round "3.29"]
[White "Buckels, Valentin"]
[Black "Surguchov, Alexander"]
[Result "1/2-1/2"]
[WhiteElo "1716"]
[BlackElo "1640"]
[PlyCount "90"]
[EventDate "2012.??.??"]
[WhiteTeam "SK Turm Kleve 1974 e.V."]
[BlackTeam "Verein f. Sport u. Freizeit v. 1"]

1. d4 e6 2. c4 f5 3. Nf3 Nf6 4. g3 d5 5. b3 c6 6. Bg2 Bd6 7. O-O Qe7 8. Bb2 O-O
9. Ne5 Nbd7 10. e3 Ne4 11. f3 Nef6 12. Qc1 a5 13. a4 Bb4 14. Nc3 Nxe5 15. dxe5
Nd7 16. Na2 Nc5 17. Qc2 Na6 18. cxd5 exd5 19. f4 Bc5 20. Qc3 Nb4 21. Rfc1 Nxa2
22. Qxc5 Qxc5 23. Rxc5 Nb4 24. Ba3 Be6 25. Rxa5 Nc2 26. Rxa8 Rxa8 27. Ra2 Nxe3
28. Bc5 Nxg2 29. Kxg2 Kf7 30. a5 g6 31. b4 Bd7 32. h3 h6 33. Rf2 Rg8 34. Bd6
Be6 35. Kf3 h5 36. h4 Ra8 37. Rb2 Bd7 38. Ke3 Ke6 39. Kd4 Ra6 40. Kc5 Kf7 41.
Bc7 Ke6 42. Bd8 Be8 43. Bb6 Ra8 44. Bc7 Ra6 45. Bd6 Bd7 1/2-1/2

[Event "Karnevals-Open"]
[Site "Solingen"]
[Date "2012.02.18"]
[Round "3.30"]
[White "Seeger, Simon"]
[Black "Der, Josef"]
[Result "0-1"]
[WhiteElo "1371"]
[BlackElo "1798"]
[PlyCount "68"]
[EventDate "2012.??.??"]
[WhiteTeam "SV Betzdorf-Kirchen"]
[BlackTeam "Düsseldorfer SK 14/25 e."]

1. Nf3 Nf6 2. d4 d5 3. c4 e6 4. Nc3 c5 5. e3 Nc6 6. a3 a5 7. Ne5 Bd6 8. Nxc6
bxc6 9. dxc5 Bxc5 10. cxd5 exd5 11. Bd3 O-O 12. O-O Bd6 13. Qc2 Bb7 14. Ne2 c5
15. Bf5 Qc7 16. Ng3 g6 17. Bd3 Qc6 18. f3 Bxg3 19. hxg3 Rfc8 20. Bd2 Qd6 21.
Be1 Qb6 22. Bf2 Qc6 23. Rac1 c4 24. Be2 Qd6 25. Rfd1 Qe6 26. Rd4 Ra6 27. Qd2
Nd7 28. b3 Nc5 29. Bxc4 dxc4 30. Rdxc4 Rac6 31. Qb2 Nd3 32. Qd2 Nxc1 33. Qxc1
Rxc4 34. bxc4 Qxc4 0-1

[Event "Karnevals-Open"]
[Site "Solingen"]
[Date "2012.02.18"]
[Round "3.31"]
[White "Rist, Kurt"]
[Black "Rameker, Robert"]
[Result "1/2-1/2"]
[WhiteElo "1662"]
[BlackElo "1405"]
[PlyCount "84"]
[EventDate "2012.??.??"]
[WhiteTeam "Schachgesellschaft Solingen e.V."]
[BlackTeam "SF Moers e.V."]

1. e4 c6 2. d4 d5 3. Nc3 dxe4 4. Nxe4 Bf5 5. Ng3 Bg6 6. Nf3 e6 7. c4 Nf6 8. Bd3
Bxd3 9. Qxd3 Bd6 10. O-O h6 11. a3 O-O 12. b4 Nbd7 13. Bb2 Re8 14. Rad1 Qc7 15.
Rfe1 a5 16. Bc3 axb4 17. axb4 Ra3 18. Ra1 Rea8 19. Qd2 b5 20. Rxa3 Rxa3 21. Ne5
bxc4 22. Nxc4 Ra7 23. Ne5 Nd5 24. Qb2 Rb7 25. Ra1 Nxe5 26. dxe5 Bxb4 27. Ra8+
Kh7 28. Qc2+ g6 29. Bb2 Rb8 30. Rxb8 Qxb8 31. Qxc6 Qc7 32. Qxc7 Nxc7 33. Ne4
Be7 34. g3 Nd5 35. h4 Kg7 36. Nd6 Bxd6 37. exd6+ Kf8 38. Bc1 h5 39. Kg2 Ke8 40.
Kf3 Kd7 41. Ba3 Nb6 42. Kf4 f6 1/2-1/2

[Event "Karnevals-Open"]
[Site "Solingen"]
[Date "2012.02.18"]
[Round "3.32"]
[White "Nguyen, Gia Huy Philipp"]
[Black "Porstmann, Jan"]
[Result "0-1"]
[WhiteElo "1222"]
[BlackElo "1632"]
[PlyCount "98"]
[EventDate "2012.??.??"]
[WhiteTeam "SG Solingen e.V."]
[BlackTeam "SG Solingen e.V."]

1. e4 c5 2. Nf3 d6 3. d4 cxd4 4. Nxd4 Nf6 5. Nc3 a6 6. Bg5 e6 7. f4 Be7 8. Qf3
Nbd7 9. O-O-O Qc7 10. g4 b5 11. Bxf6 Bxf6 12. g5 Be7 13. f5 Bxg5+ 14. Kb1 Nf8
15. h4 Be7 16. Bd3 b4 17. Nce2 e5 18. Nb3 Nd7 19. h5 h6 20. Rhg1 Bf6 21. Ng3 a5
22. Nf1 a4 23. Nbd2 Ba6 24. Bxa6 Rxa6 25. Ne3 Nb6 26. Qe2 Ra5 27. Ndc4 Nxc4 28.
Nxc4 Rc5 29. Ne3 Ke7 30. Nd5+ Rxd5 31. Rxd5 a3 32. Qd3 axb2 33. Kxb2 Ra8 34.
Qd2 Qa7 35. Qd1 Qxa2+ 36. Kc1 Bg5+ 37. Rxg5 Qa1+ 38. Kd2 Qxd1+ 39. Kxd1 hxg5
40. Rb5 Rh8 41. Rxb4 Rxh5 42. Rb7+ Kf6 43. Ke2 g4 44. Rb3 Rh2+ 45. Kd1 Rh3 46.
Rd3 Rxd3+ 47. cxd3 Kg5 48. Ke2 Kf4 49. Kf2 f6 0-1

[Event "Karnevals-Open"]
[Site "Solingen"]
[Date "2012.02.18"]
[Round "3.33"]
[White "Özlügedik, Mustafa"]
[Black "Tiemann, Steffen"]
[Result "1-0"]
[WhiteElo "1586"]
[BlackElo "1283"]
[PlyCount "51"]
[EventDate "2012.??.??"]
[WhiteTeam "Ohligser Turnverein 1888 e.V."]
[BlackTeam "SC Bocholt 1926 e.V."]

1. d4 d5 2. Nf3 Nf6 3. c4 dxc4 4. Nc3 e6 5. Bg5 Be7 6. e3 Nbd7 7. Bxc4 O-O 8.
O-O b6 9. Qe2 Bb7 10. Rfd1 Ne4 11. Bxe7 Qxe7 12. Rac1 Rad8 13. Bd3 Nxc3 14.
Rxc3 Nf6 15. Rdc1 Nd5 16. R3c2 Rc8 17. a3 c5 18. dxc5 bxc5 19. Ne5 Rc7 20. Rc4
Ba6 21. Bxh7+ Kh8 22. Qh5 Nf6 23. Qh3 Bxc4 24. Bd3+ Kg8 25. Rxc4 Nd7 26. Qh7#
1-0

[Event "Karnevals-Open"]
[Site "Solingen"]
[Date "2012.02.18"]
[Round "3.34"]
[White "Barche, Robert"]
[Black "Runte, Dirk"]
[Result "0-1"]
[WhiteElo "1037"]
[BlackElo "1576"]
[PlyCount "102"]
[EventDate "2012.??.??"]
[WhiteTeam "SG Solingen e.V."]
[BlackTeam "SF Schlebusch"]

1. c4 Nf6 2. g3 e6 3. Bg2 c6 4. Nc3 d5 5. cxd5 exd5 6. e3 Be7 7. Nge2 Bd7 8.
O-O Qc8 9. d4 Na6 10. a3 Bh3 11. b4 Bxg2 12. Kxg2 Nc7 13. Bb2 Qd7 14. Nf4 g5
15. Nd3 h5 16. h3 O-O-O 17. Ne5 Qe6 18. f3 Bd6 19. Ne2 Nd7 20. f4 Nxe5 21. fxe5
Be7 22. Ng1 Ne8 23. Qf3 f6 24. Rac1 g4 25. Qf4 fxe5 26. Qxe5 gxh3+ 27. Nxh3
Qxe5 28. dxe5 Rg8 29. Rf3 h4 30. b5 c5 31. Nf4 b6 32. a4 Nc7 33. Kh3 Rxg3+ 34.
Rxg3 hxg3 35. Kxg3 Rg8+ 36. Kf3 Rf8 37. Rd1 Bg5 38. Kg4 Bxf4 39. exf4 d4 40. f5
Nd5 41. Kg5 Rxf5+ 42. Kxf5 Ne3+ 43. Ke4 Nxd1 44. Ba1 Nc3+ 45. Bxc3 dxc3 46. Kd3
Kd7 47. Kxc3 Ke6 48. Kc4 Kxe5 49. Kc3 Kd5 50. Kd3 c4+ 51. Kc3 Kc5 0-1

[Event "Karnevals-Open"]
[Site "Solingen"]
[Date "2012.02.18"]
[Round "3.35"]
[White "Becker, Carsten"]
[Black "Barche, Uwe"]
[Result "1-0"]
[WhiteElo "1559"]
[BlackElo "1061"]
[PlyCount "51"]
[EventDate "2012.??.??"]
[WhiteTeam "Stift. Bahn-Sozialwerk Schachgr."]
[BlackTeam "SG Solingen e.V."]

1. e4 e6 2. d4 d5 3. e5 c5 4. c3 Nc6 5. Nf3 Qb6 6. Bd3 Bd7 7. Nbd2 cxd4 8. cxd4
Nxd4 9. Nxd4 Qxd4 10. Nf3 Qb6 11. O-O Bc5 12. Ng5 h6 13. Qh5 g6 14. Bxg6 O-O-O
15. Nxf7 Rf8 16. Nxh8 Rxf2 17. Rxf2 Bxf2+ 18. Kh1 Qb4 19. Bxh6 Nxh6 20. Qxh6 b6
21. Nf7 Kb7 22. Nd6+ Ka6 23. Bd3+ b5 24. a4 Kb6 25. Qf8 Bc5 26. Qd8+ 1-0

[Event "Karnevals-Open"]
[Site "Solingen"]
[Date "2012.02.18"]
[Round "3.36"]
[White "Brinkmann, Katharina"]
[Black "Möller, Laura"]
[Result "1-0"]
[WhiteElo "1492"]
[BlackElo "963"]
[PlyCount "73"]
[EventDate "2012.??.??"]
[WhiteTeam "SF Köln-Mülheim e.V."]
[BlackTeam "SG Solingen e.V."]

1. d4 d5 2. c4 Nf6 3. Nc3 Bf5 4. Nf3 e6 5. e3 Bd6 6. cxd5 exd5 7. Bd3 Bxd3 8.
Qxd3 O-O 9. O-O Nc6 10. a3 Re8 11. b4 Ne4 12. Nb5 a6 13. Nxd6 Qxd6 14. Bb2 b6
15. Rac1 a5 16. Qc2 Re6 17. b5 Na7 18. a4 c5 19. dxc5 bxc5 20. Nd2 Rh6 21. g3
Nxd2 22. Qxd2 Rh3 23. f3 h5 24. Kg2 Qe6 25. Rxc5 g5 26. Rxd5 g4 27. Rd8+ Rxd8
28. Qxd8+ Kh7 29. Qh8+ Kg6 30. Qg8+ Kf5 31. e4+ Qxe4 32. fxe4+ Ke6 33. Qxf7+
Kd6 34. Qd5+ Ke7 35. Bf6+ Ke8 36. Qe6+ Kf8 37. Bd4# 1-0